Регионална библиотека "Любен Каравелов" - Русе

Коко Шанел (Запис номер 488656)

MARC детайли
000 -Лидер
Контролно поле с фиксирана дължина 01521nam a2200337 a 4500
003 - Код на организацията, давaща контролен номер
Контролно поле BLK
005 - Дата и час на последна редакция
Контролно поле 20250621142004.0
008 - Елементи от данни с фиксирана дължина
fixed length control field 180407b bul|||||r ||||||| ||bul||
010 ## - Наследен системен номер
LC control number KNG00030744000
020 ## - Международен стандартен номер на книга ISBN
Международен стандартен номер на книга ISBN 9786191645039
040 ## - Източник на каталожния запис
Идентификатор на билиотеката - собственик на записа BLK
041 ## - Код за език
Код за езика на текст/звукозапис или на отделно заглавие Български
Код за езика КДБФ Български
080 ## - УДК
Текстов определител УДК Облекло. Носия. Мода. Накит. Вж и 613.4 ; 646 ; 687
УДК код - определител по УДК 391
УДК определител (44)(092)
УДК - код + определител 391(44)(092)
080 ## - УДК
Текстов определител УДК Габриел Боньор „Коко“ Шанел. Известна френска модна дизайнерка
УДК код - определител по УДК 929 Шанел, Коко
УДК - код + определител 929 Шанел, Коко
100 ## - Редна дума - Автор
Автор Пикарди, Джъстин
Авторска отговорност първи автор
R(LIN) 1299
139 ## - Редно поле
Редна дума Пикарди, Джъстин
Авторски знак Шанд - Ш 23
245 10 - Сведения за заглавието
Заглавие Коко Шанел
Подзаглавни данни Животът на една легенда
Редно поле (дума) Джъстин Пикарди; прев. от англ. Цветана Генчева.
257 ## - Страна на издаване
Страна на създаване/издаване България
260 ## - Област на издателските данни
Място на издаване, разпространение и проч. София
Име на издателя, разпространителя и проч. Enthusiast
Година на издаване 2022
9 (RLIN) 215899
Издателство - префикс ISBN 978-619-164- ; 978-954-2958- ; 978-954-8657-
300 ## - Физическа характеристика
Страници 399 с.
Илюстрации и др. с портр., ил.
Размери/Мащаб 23 см
380 ## - Жанр
Жанр Обществени науки
500 ## - Общи забележки
Забележка Ориг. загл. Coco Chanel: The Legend and the Life / Justine Picardie. - Коко Шанел - псевд. на Габриел Шанел
650 #4 - Допълнително описание по предмет – тема
Основно описание – тема или топоним Мода
9 (RLIN) 162556
653 ## - Ключова дума – ненормативна
Ключова дума мода
653 ## - Ключова дума – ненормативна
Ключова дума Коко Шанел
653 ## - Ключова дума – ненормативна
Ключова дума биографии
856 4# - Електронен адрес и достъп
Електронен формат pdf - файл
Инструкция (цена за достъп) 0.00
Права за достъп disable
856 4# - Електронен адрес и достъп
Електронен формат pdf - файл
Инструкция (цена за достъп) 0.00
Права за достъп disable
999 ## - СИСТЕМНИ КОНТРОЛНИ НОМЕРА
Koha biblionumber 488656
Koha biblioitemnumber 488656
942 ## - АРТИКУЛИ
Вид на библиотечния материал Книги
Скрит в OPAC Не
Периодичен библиозапис Да
Koha issues (borrowed), all copies 10
944 ## - СЪЗДАВАНЕ И РЕДАКЦИЯ на ЗАПИСА
Дата на регистрацията/редакция 2023-02-20
Служител, извършил регистрацията/редакцията 30534
Статус, дата на статуса Радостина Карадакова
Наличности
Код за отписване Код за изгубен артикул Източник на класификационната схема Код за повреда Коз за рестрикции Код за отдаване Артикулен № Име на библиотеката - собственик Име на библиотеката, в която се намира в момента Статус (Текущо местоположение) Дата на вписване в системата Местоположение - отдел Цена в лева Систематично азбучна сигнатура Баркод Цена в евро Служебен тип на артикула Инвентарен номер
  Не е изгубен Universal Decimal Classification Не е повреден без рестрикции заемане за дома 923403 Регионална библиотека "Любен Каравелов" Русе Регионална библиотека "Любен Каравелов" Русе Заемна - подръчен фонд 2023-02-21 Заемна - подръчен фонд 28.00 391/Ш 23 К 120000882862 14.32 Книги  
  Не е изгубен Universal Decimal Classification Не е повреден само за читалня ползва се в читалня 928746 Регионална библиотека "Любен Каравелов" Русе Регионална библиотека "Любен Каравелов" Русе Хранилище 2023-05-16 Хранилище 40.00 Цб 317999 120000887871 20.45 Книги 120000887871
Vip Innovations Ltd, Rousse, Bulgaria 2025